Szczegóły MARC21

Bieda dzieci, zaniedbanie, wykluczenie społeczne /

003 -Nazwa inst., której nr kontr. jest w polu 001 [,]
    • @
    • Nazwa instytucji, której n kontrolny jest w polu 001
    • NUKAT
005 -DATA I CZAS OSTATNIEJ MODYFIKACJI [,]
    • @
    • pole kontrolne
    • 20241231095548.0
020 -Międzynarod. znormalizowany nr książki - ISBN [ , ]
    • a
    • Numer ISBN
    • 9788375257922 Find
040 -Instytucja sporządzająca opis [ , ]
    • a
    • Instytucja, która sporządziła opis (NP)
    • WR U/Pdg
    • c
    • Instytucja, która sporządziła rekord (NP)
    • WR U/ZM
    • d
    • Instytucja, która zmodyfikowała rekord (P)
    • WR U/ZMs
    • d
    • Instytucja, która zmodyfikowała rekord (P)
    • KR U/42JCs
942 -Rodzaj dokumentu [ , ]
    • c
    • Rodzaj dokumentu
    • Książka
245 -Strefa tytułu i oznaczenia odpowiedzialności [0,0]
    • a
    • Tytuł
    • Bieda dzieci, zaniedbanie, wykluczenie społeczne / Find
    • c
    • Pozostałe elementy strefy tytułu i oznaczenia odpowiedzialności (NP)
    • pod red. Wielisławy Warzywody-Kruszyńskiej.
260 -Strefa adresu wydawniczego [ , ]
    • a
    • Miejsce wydania (P)
    • Łodź :
    • b
    • Nazwa wydawcy (P)
    • Wydawnictwo Uniwersytetu Łódzkiego,
    • c
    • Data wydania (P)
    • 2012.
300 -Strefa opisu fizycznego [ , ]
    • a
    • Określenie formy książki i/lub objętość (NP)
    • 233, [1] :
    • b
    • Oznaczenie ilustracji (NP)
    • il. ;
    • c
    • Format (NP)
    • 24 cm.
336 -Typ zawartości [ , ]
    • a
    • Termin opisujący typ zawartości
    • Tekst
    • b
    • Kod określający zawartość
    • txt
    • 2
    • Źródło (terminu i kodu)
    • rdacontent
337 -Typ mediów [ , ]
    • a
    • Tryb odtwarzania
    • Bez urządzenia pośredniczącego
    • b
    • Kod typu mediów
    • n
    • 2
    • Źródło (terminu i kodu)
    • rdamedia
338 -Typ/rodzaj nośnika [ , ]
    • a
    • Hasło opisujące typ nośnika
    • Wolumin
    • b
    • Kod typu nośnika
    • nc
    • 2
    • Źródło (terminu i kodu)
    • rdacarrier
504 -Uwaga dot. bibliogr. załącznikowej [ , ]
    • a
    • Uwaga dot. bibliografii załącznikowej
    • Bibliogr. przy rozdz.
080 -Uniwersalna Klasyfikacja Dziesiętna [ , ]
    • 2
    • Identyfikator wydania tablic
    • UDC-P058
    • 9
    • UKD
    • 3783
    • a
    • Symbol klasyfikacji
    • 364.6
    • b
    • Dopowiedzenie
    • Problemy społeczne wymagające pomocy społecznej. Deprawacja społeczna. Marginalizacja społeczna. Równość szans. Problemy zdrowia psychicznego. Problemy emocjonalne. Izolacja społeczna. Rozpad społeczny. Bezpieczeństwo socjalne. Ubóstwo. Zadłużenie. Szanse edukacyjne. Warunki mieszkaniowe. Problemy opieki zdrowotnej.
    • 4
    • UKD2
    • 7642
    • x
    • Poddział wspólny
    • (438)
    • c
    • Dopowiedzenie poddz. wspólnego
    • (Polska).
080 -Uniwersalna Klasyfikacja Dziesiętna [ , ]
    • 2
    • Identyfikator wydania tablic
    • UDC-P058
    • 9
    • UKD
    • 2824
    • a
    • Symbol klasyfikacji
    • 316.64
    • b
    • Dopowiedzenie
    • Postawy społeczne. Poglądy. Świadomość społeczna. System przekonań. Przyciąganie. Unikanie. Frustracja. Uczucia społeczne i aspołeczne. Tolerancja. Nietolerancja. Konformizm. Nonkonformizm. Fatalizm. Dogmatyzm. Fanatyzm. Uprzedzenia. Dyskryminacja.
    • 4
    • UKD2
    • 7642
    • x
    • Poddział wspólny
    • (438)
    • c
    • Dopowiedzenie poddz. wspólnego
    • (Polska).
080 -Uniwersalna Klasyfikacja Dziesiętna [ , ]
    • 2
    • Identyfikator wydania tablic
    • UDC-P058
    • 9
    • UKD
    • 2800
    • a
    • Symbol klasyfikacji
    • 316.346.3-053.2
    • b
    • Dopowiedzenie
    • Socjologia dziecka.
    • 4
    • UKD2
    • 7642
    • x
    • Poddział wspólny
    • (438)
    • c
    • Dopowiedzenie poddz. wspólnego
    • (Polska).
650 -Hasło przedmiotowe [ ,7]
    • a
    • Hasło przedmiotowe
    • Dzieci rodzin ubogich
    • z
    • Określnik geograficzny
    • Polska
    • y
    • Określnik chronologiczny
    • 1990-.
    • 2
    • Źródło terminu
    • kaba
    • 9
    • KHW
    • 391957
650 -Hasło przedmiotowe [ ,7]
    • a
    • Hasło przedmiotowe
    • Dzieci
    • x
    • Określnik rzeczowy
    • socjologia
    • z
    • Określnik geograficzny
    • Polska
    • y
    • Określnik chronologiczny
    • 1990-.
    • 2
    • Źródło terminu
    • kaba
    • 9
    • KHW
    • 391958
650 -Hasło przedmiotowe [ ,7]
    • a
    • Hasło przedmiotowe
    • Ubóstwo
    • x
    • Określnik rzeczowy
    • aspekt społeczny
    • z
    • Określnik geograficzny
    • Polska
    • y
    • Określnik chronologiczny
    • 1990-.
    • 2
    • Źródło terminu
    • kaba
    • 9
    • KHW
    • 382930
650 -Hasło przedmiotowe [ ,7]
    • a
    • Hasło przedmiotowe
    • Wykluczenie społeczne
    • x
    • Określnik rzeczowy
    • zapobieganie
    • z
    • Określnik geograficzny
    • Polska
    • y
    • Określnik chronologiczny
    • 1990-.
    • 2
    • Źródło terminu
    • kaba
    • 9
    • KHW
    • 361218
980 -Symbol UKD [ , ]
    • a
    • UKD
    • 364.6:316.64:316.346.3-053.2](438)
700 -Hasło dodatkowe - nazwa osobowa [1, ]
    • a
    • Nazwa osobowa (NP)
    • Warzywoda-Kruszyńska, Wielisława Find
    • d
    • Daty biograficzne (NP)
    • (1944- ).
    • e
    • Określenie rodzaju współpracy
    • Red.
    • 9
    • KHW
    • 21299
710 -Hasło dodatkowe - nazwa ciała zbiorowego [2, ]
    • a
    • Nazwa ciała zbiorowego lub nazwa geograficzna jako pierwszy element (NP)
    • Uniwersytet Łódzki.
    • b
    • Nazwa jednostki podrzędnej (P)
    • Wydawnictwo.
    • 4
    • Kod relacji
    • pbl
    • 9
    • KHW
    • 52189
920 -ISBN [ , ]
    • a
    • ISBN
    • 978-83-7525-792-2 Find
Status udost. Numer inwentarzowy Lokalizacja Data inwentaryzacji
1Z.116858BG2013-03-25
-3WM.14231BG2013-03-25
-3WM.14232BG2013-03-25
1H.25129BNS2013-10-30